טוען...
Effect of gooseberry and indian gall nut on the immune response in cockerels underinduced heat and cold stress
| מחבר ראשי: | |
|---|---|
| פורמט: | Ph.D Thesis |
| שפה: | Undetermined |
| יצא לאור: |
Dept.of physiology ,c.v & a.s
2006
Mannuthy |
| מהדורה: | MVSc. |
| נושאים: |
| LEADER | 00791nam a2200265Ia 4500 | ||
|---|---|---|---|
| 008 | 141122s9999 xx 000 0 und d | ||
| 040 | |c . | ||
| 041 | |a English | ||
| 082 | |a 612 | ||
| 082 | |b MEJ/EF | ||
| 100 | |a K R Mejo | ||
| 245 | |a Effect of gooseberry and indian gall nut on the immune response in cockerels underinduced heat and cold stress | ||
| 245 | |c K R Mejo | ||
| 250 | |a MVSc. | ||
| 260 | |b Dept.of physiology ,c.v & a.s | ||
| 260 | |b Mannuthy | ||
| 260 | |c 2006 | ||
| 300 | |a 158 Pages | ||
| 500 | |a Reference | ||
| 650 | |a Cockerels | ||
| 650 | |a MVSc. | ||
| 650 | |a Physiology | ||
| 942 | |c TH | ||
| 999 | |c 10049 |d 10049 | ||
| 952 | |0 0 |1 0 |4 0 |6 612_000000000000000_MEJEF |7 0 |9 10007 |a COVAS |b COVAS |d 0000-00-00 |o 612 MEJ/EF |p TH892 |r 2014-11-26 |w 2014-11-26 |y TH | ||